00886nam a2200253Ia 4500003000900000008004100009020003000050020003100080022002200111022002300133040001600156100001800172245007800190260005700268300002000325490003000345650005000375650003300425650003100458650004100489650001200530700001700542856007300559IN-BaIIA211028s9999 xx s 000 0 eng d a978-3-642-29760-1 (Print) a978-3-642-29761-8 (Online) a1868-4513 (Print) a1868-4521 (Online) cIIA Library aFultz, Brent  0aTransmission Electron Microscopy and Diffractometry of Materialsh[eBook] aHeidelberg, BerlinbSpringer Berlin Heidelbergc2013 aOnline resource aGraduate Texts in Physics a Characterization and Evaluation of Materials a Spectroscopy and Microscopy a Spectroscopy/Spectrometry a Surfaces and Interfaces, Thin Films aPhysics aHowe, James  uhttp://doi.org/10.1007/978-3-642-29761-8yClick Here to Access eBook